000 002650000a22000970004500
100 1 _aTamez, Elsa
245 1 0 _aLeer la Biblia como mujer latinoamericana
300 _aVol. 6, Num 2 (Julio-Diciembre, 1986), Páginas 5-11
773 0 _tVida y pensamiento
942 _cANA
999 _c52766
_d52766